Metódy zhodnocovania kapitálu v investičnom rozhodovaní diplomová práca

Saved in:
Bibliographic Details
Main Author: Petriska, Martin
Corporate Author: Fakulta hospodárskej informatiky EU. Katedra matematiky a aktuárstva
Other Authors: Pinda, Ľudovít, 1958-
Format: Book
Language:Slovak
Published: Bratislava 2023
Tags: Add Tag
No Tags, Be the first to tag this record!

MARC

LEADER 00000nbm a2200000 4500
001 0294023
005 20240229110253.9
041 0 |a slo 
044 |a SK 
245 1 0 |a Metódy zhodnocovania kapitálu v investičnom rozhodovaní  |b diplomová práca  |c Martin Petriska ; školiteľ: Ľudovít Pinda 
264 1 |a Bratislava  |c 2023 
300 |a 88 s. 
100 1 |a Petriska, Martin 
700 1 |a Pinda, Ľudovít, 1958- 
710 2 |a Fakulta hospodárskej informatiky EU. Katedra matematiky a aktuárstva